| 000 | 01487nam a22004217a 4500 | ||
|---|---|---|---|
| 003 | CHAP | ||
| 005 | 20220329133824.0 | ||
| 008 | 971013s1983 r 00010 d | ||
| 010 | _a11388 | ||
| 011 | _a12360 | ||
| 035 | _a15484 | ||
| 040 | _cCHAP | ||
| 090 | _aFolleto 9234 | ||
| 100 | 0 | 0 |
_aNavarro Franco, Manuel. _980554 |
| 245 | 1 | _aLogros y aportaciones de la investigación agrícola en los cultivos de cebada, avena y triticale | |
| 260 |
_aMéxico, D. F. : _bINIA, _c1983 |
||
| 300 |
_a30 p. _b: ilus. ; mapa ; gráfs. |
||
| 490 |
_aPublicación especial _v; 107 |
||
| 590 |
_aBATCH-UPD _b10 _c20130110 _lUCH01 _h0021 |
||
| 590 |
_aBATCH-UPD _b10 _c20130110 _lUCH01 _h1251 |
||
| 590 |
_aBATCH-UPD _b10 _c20130410 _lUCH01 _h0813 |
||
| 590 |
_aBATCH-UPD _b10 _c20130914 _lUCH01 _h0432 |
||
| 590 |
_aBATCH-UPD _b10 _c20130914 _lUCH01 _h2045 |
||
| 590 |
_aCONVERSION _b10 _c20130109 _lUCH01 _h1308 |
||
| 650 | 1 | 4 |
_aAvena _xMejoramiento. _98532 |
| 650 | 1 | 4 |
_aAvena _xMéxico. _98534 |
| 650 | 1 | 4 |
_aCebada _xMejoramiento. _920695 |
| 650 | 1 | 4 |
_aCebada _xMéxico. _920699 |
| 650 | 1 | 4 |
_aTriticale _xMejoramiento. _9115219 |
| 650 | 1 | 4 |
_aTriticale _xMéxico. _9115221 |
| 700 | 0 |
_aMoreno Gálvez, Rodolfo. _978618 |
|
| 830 | 0 |
_aPublicación especial _v; 107 _992760 |
|
| 901 | _aBK | ||
| 942 | _cFOLL | ||
| 949 |
_aFolleto 9234 _bBC _cFOLL _d-148384 _eTS1 _i15484 _si |
||
| 949 |
_aFolleto 9234 _bBC _cFOLL _d-148385 _eTS2 _fc.2 _i15484 _si |
||
| 949 |
_aFolleto 9234 _bBC _cFOLL _d-148386 _eTS2 _fc.3 _i15484 _si |
||
| 999 |
_c11388 _d11388 |
||